Development with a human touch : (Record no. 3280)

000 -LEADER
fixed length control field nam a22 a 4500
003 - CONTROL NUMBER IDENTIFIER
control field AKMAL
005 - DATE AND TIME OF LATEST TRANSACTION
control field 20170522104413.0
008 - FIXED-LENGTH DATA ELEMENTS--GENERAL INFORMATION
fixed length control field 170521s2007 my o000 0 eng d
020 ## - INTERNATIONAL STANDARD BOOK NUMBER
International Standard Book Number 983310925X
082 04 - DEWEY DECIMAL CLASSIFICATION NUMBER
Classification number 658.30109595 DEV
Edition number 22
090 ## - LOCALLY ASSIGNED LC-TYPE CALL NUMBER (OCLC); LOCAL CALL NUMBER (RLIN)
Classification number (OCLC) (R) ; Classification number, CALL (RLIN) (NR) 658.30109595
Local cutter number (OCLC) ; Book number/undivided call number, CALL (RLIN) DEV
245 00 - TITLE STATEMENT
Title Development with a human touch :
Remainder of title maximising human capital potential /
Statement of responsibility, etc. editors: Ismail Adam, Malek Shah Mohd Yusoff ; jointly organised by National Institute of Public Administration Public Service Department and Administrative and Diplomatic Service Association
260 ## - PUBLICATION, DISTRIBUTION, ETC.
Place of publication, distribution, etc. Kuala Lumpur :
Name of publisher, distributor, etc. Institut Tadbiran Awam Negara,
Date of publication, distribution, etc. 2007
300 ## - PHYSICAL DESCRIPTION
Extent 197p. ;
Dimensions 24cm.
650 10 - SUBJECT ADDED ENTRY--TOPICAL TERM
Topical term or geographic name entry element Manpower policy
9 (RLIN) 6690
650 20 - SUBJECT ADDED ENTRY--TOPICAL TERM
Topical term or geographic name entry element Human capital
9 (RLIN) 6467
650 20 - SUBJECT ADDED ENTRY--TOPICAL TERM
Topical term or geographic name entry element Civil service
General subdivision Labor productivity
9 (RLIN) 6691
700 0# - ADDED ENTRY--PERSONAL NAME
Personal name Ismail Adam
9 (RLIN) 6692
700 0# - ADDED ENTRY--PERSONAL NAME
Personal name Malek Shah Hj. Mohd Yusoff
9 (RLIN) 1463
710 2# - ADDED ENTRY--CORPORATE NAME
Corporate name or jurisdiction name as entry element Institut Tadbiran Awam Negara
9 (RLIN) 410
710 2# - ADDED ENTRY--CORPORATE NAME
Corporate name or jurisdiction name as entry element Persatuan Perkhidmatan Tadbir dan Diplomatik
9 (RLIN) 4110
942 ## - ADDED ENTRY ELEMENTS (KOHA)
Source of classification or shelving scheme
Koha item type Book
Holdings
Withdrawn status Lost status Source of classification or shelving scheme Damaged status Not for loan Collection code Home library Current library Shelving location Date acquired Inventory number Total Checkouts Full call number Barcode Date last seen Price effective from Koha item type
          NON-FICTION AKMAL Melaka AKMAL Melaka PINJAMAN 22.05.2017 602582   658.30109595 DEV 201703934 22.05.2017 22.05.2017 Book
          NON-FICTION AKMAL Melaka AKMAL Melaka PINJAMAN 22.05.2017 602583   658.30109595 DEV 201703935 22.05.2017 22.05.2017 Book
Pusat Sumber Maklumat Dato' Haji Sarmin Md Hussin, Akademi Kastam Diraja Malaysia, Melaka
Tel: 06-2331106 | Faks: 06-2313787